000
00269nam a2200109Ia 4500
008
190216s9999||||xx |||||||||||||| ||und||
100
_a
Bhaskaran Nair K
245
0
_a
Daiva Neethik Daksheeniamilla
260
_b
Nbs Kottayam
650
_a
Malayalam Nadakam
942
_c
BK
999
_c
25663
_d
25663